000 00461nam a2200181 a 4500
001 21725
003 CO-ViMGA
008 141112s2004 ck r 000 u spa d
040 _aCO-ViMGA
_bspa
_cCO-ViMGA
082 0 4 _aVALte
100 1 _aValencak, Hannelore
_948296
245 1 0 _aEl tesoro del molino viejo
260 _aMadrid :
_bS.M.,
_c1999
300 _a165p.
490 _aEl baraco de vapor, 8
650 1 4 _aCUENTOS AUSTRIACOS
_931006
942 _2ddc
_cBK
999 _c30284
_d30284